00477nam a2200145Ia 4500008004100000020001500041050002200056100003900078245010200117250001800219260003400237300001800271650001600289650002600305120626s2003 mx 000 0 spa d a9700746119 aPC4410 bE73 2003 aEscalante, Beatriz d, 1957eautor aCurso de redacción para escritores y periodistas (teoría y ejercicios)c/ Escalante, Beatriz  a7a. edición aMéxicob: Porrúac , 2003 a348 páginas 0aREDACCIÓN 0aESPAÑOLxRETÓRICA